Statistics for Capitals of Countries Bordering Iraq

Click here to take the quiz!

General Stats

  • This quiz has been taken 106 times
  • The average score is 6 of 6

Answer Stats

CountryCapital% Correct
IranTehran
99%
SyriaDamascus
97%
KuwaitKuwait City
92%
JordanAmman
91%
Saudi ArabiaRiyadh
90%
TurkeyAnkara
88%

Score Distribution

Percentile by Number Answered

Percent of People with Each Score

Your Score History

You have not taken this quiz